| 000 | 00407nam a22001697a 4500 | ||
|---|---|---|---|
| 003 | NUST - PNEC | ||
| 005 | 20170116181102.0 | ||
| 008 | 151003b xxu||||| |||| 00| 0 eng d | ||
| 020 | _a0340056894 | ||
| 040 | _cLIBRARY | ||
| 082 | _a696.1 INN | ||
| 100 |
_912456 _aInnes, John Hosking |
||
| 245 |
_aPlumbing _cJohn Hosking Innes |
||
| 260 | _cc.1971 | ||
| 650 |
_912458 _aPlumbing _xME |
||
| 942 |
_2ddc _cBK |
||
| 999 |
_c68814 _d68814 |
||